| 000 | 01104nam a22002657a 4500 | ||
|---|---|---|---|
| 001 | BD-DhSAU 9170 | ||
| 003 | BD-DhSAU | ||
| 005 | 20181208154155.0 | ||
| 008 | 150612b2008 bg a||||r|||| 000 0 eng d | ||
| 040 | _aBD-DhSAU | ||
| 082 |
_222 _a630 _bR1294 |
||
| 100 |
_aRahman, Md. Mohibur _eRegistration No. # 07-02596 |
||
| 245 |
_aInfluence of sowing pattern and nitrogen level on the productivity under maize-chickpea intercropping system / _bMS thesis _cby Md. mohibur Rahman |
||
| 260 |
_aSher-e- Bangla Agricultural University : _bDepartment of Agronomy, _c2008. |
||
| 300 |
_axii, 46 p. : _bill. , _c30 cm. |
||
| 500 | _aMS thesis of Department of Horticulture and Postharvest Technology, Faculty of Agriculture, Sher-e-Bangla Agricultural University, Dhaka, Bangladesh | ||
| 590 | _ajoy | ||
| 650 | _aAgronomy. | ||
| 650 | _aMaize-chickpea | ||
| 650 | _aIntercropping system | ||
| 700 |
_aKarim, Md. Fazlul _eSupervisor |
||
| 700 |
_aHossain, H.M.M. Tariq _eCo-Supervisor |
||
| 856 | _uhttp://archive.saulibrary.edu.bd:8080/xmlui/handle/123456789/1381 | ||
| 942 |
_2ddc _cTHESIS |
||
| 999 |
_c9170 _d9170 |
||